| 000 | 00711nam a2200169 a 4500 | ||
|---|---|---|---|
| 008 | 120416s1992 ||||||||||||||||| || u | ||
| 020 | _a0978131090 | ||
| 050 | _aSB 110 Bio | ||
| 100 | _aThottappilly, G | ||
| 245 | 1 | 0 |
_aBiotechnology _cedited by G. Thottappilly |
| 246 | _aenhancing research on tropical crops in Africa | ||
| 260 |
_aNetherlands _bCTA _c1992 |
||
| 300 | _ax, 364p. : ill | ||
| 350 | _a0.00 | ||
| 995 |
_aSPECIAL COLLECTIONS _D0.00 _e9004758 _FCBU-MAIN LIBRARY (Kitwe) _H1 _I15.00 _jCTA(02) _UAVAILABLE _y9004758 _ZInternational Publications |
||
| 995 |
_aMAIN LIBRARY OPEN ACCESS _D0.00 _e725898 _FCBU-MAIN LIBRARY (Kitwe) _H2 _I15.00 _jSB 111 Bio _M2 _UAVAILABLE _y013680 _ZMain Library Open Access Collection |
||
| 999 |
_c81147 _d81147 |
||